000 00190 a2200073 4500
082 _a624.151 ABE
245 _aSoil Stabilization: course pack CE 804
_cABEER
300 _a268p. :
_bill . ;
_c26cm
650 _aSoil Stabilization
999 _c1100
_d1100